000 00810nas a22002057a 4500
003 OSt
005 20160920095210.0
008 160601b xxu||||| |||| 00| 0 eng d
022 _a1130-0426
040 _cBMC
082 _a320.3064
245 0 0 _aNueva revista de política, cultura y arte
_p: Septiembre-octubre
_cAntonio Fontán (Presidente y editor)
260 _aMadrid
_bDifusiones y Promociones Editoriales, S.A. (Diproedisa)
_c2002
300 _a168 p.
_c21 cm
490 _aNueva revista de política, cultura y arte
_v83
505 _aContiene: España y el 11-S.- Bush en la encrucijada.- La educación a prueba de café para todos.- Inmigración americana.- Historia del cine europeo.-
650 2 4 _912628
_aPolítica cultural
700 1 _93186
_aFontán, Antonio
_d1923-2010
942 _2ddc
_cPR
999 _c25861
_d25861